LEADER 01898nam a2200373 i 4500 001 000000336436 003 CaOOAMICUS 005 20250723142414.0 008 190911t2019 it 000 u mul r 020 $a978-88-6894-320-2 040 $aSeMil$bita 245 10$aTime and history in Africa /$cedited by = a cura di Alessandro Bausi, Alberto Camplani, Stephen Emmel. 246 01$aTempo e storia in Africa 264 1$aMilano :$bBiblioteca Ambrosiana :$bCentro Ambrosiano,$c2019. 300 $aXVI, 268 p. ;$c24 cm. 490 1 $aAfricana Ambrosiana ;$v4 490 1 $aAccademia Ambrosiana. Classe di studi africani. Sezioni di Berberistica, Coptologia, Etiopistica, Africa Centro-Occidentale 546 $aTesti in italiano, inglese e francese 650 4$aAfrica - Storia.$0(OLS)http://semarc/subject/2179 650 4$aTempo - Africa.$0(OLS)http://semarc/subject/58312 700 1 $aBausi, Alessandro.$0(OLS)http://semarc/name/10129 700 1 $aCamplani, Alberto.$0(OLS)http://semarc/name/110212 700 1 $aEmmel, Stephen.$0(OLS)http://semarc/name/5761 710 2 $aBiblioteca Ambrosiana : Accademia Ambrosiana.$0(OLS)http://semarc/name/87942 830 0$aAfricana Ambrosiana ;$v4.$0(OLS)http://semarc/title/44443 830 0$aAccademia Ambrosiana. Classe di studi africani.$0(OLS)http://semarc/title/454959 850 $aSeMil 852 $aSeMil$W1$xVenegono$y1$m3TA V 4$j260186$B228180$CSeMilBibl$Z2$F228180 $81 961 $aOmaggio: Biblioteca Ambrosiana 996 $6020$a978-88-6894-320-2$9(OLS)http://semarc/number/288650 996 $6246$aTempo e storia in Africa$9(OLS)http://semarc/title/454966 996 $6245$aTime and history in Africa$9(OLS)http://semarc/title/425702 996 $6264$aMilano :$bBiblioteca Ambrosiana :$bCentro Ambrosiano$9(OLS)http://semarc/publisher/62474 LEADER 01366nam a2200289 4500 001 000000338298 003 CaOOAMICUS 005 20200115144632.0 008 191203s2017 it 000 u ita r 020 $a978-88-16-30581-6 040 $aSeMil$bita 100 1 $aBrancato, Francesco,$d<1971- >.$0(OLS)http://semarc/name/35602 245 13$aIl futuro dell'universo :$bcosmologia ed escatologia /$cFrancesco Brancato ; prefazione di Roberto Battiston. 264 1$aMilano :$bJaca Book,$c2017. 300 $a211 p. ;$c23 cm 650 4$aEscatologia cristiana.$0(OLS)http://semarc/subject/46856 650 4$aCosmologia e teologia.$0(OLS)http://semarc/subject/48416 650 4$aUniverso - Concezione cristiana.$0(OLS)http://semarc/subject/14229 700 1 $aBattiston, Roberto,$d<1956- >,$eautore di introduzione.$0(OLS)http://semarc/name/110595 830 0$aPensiero cristiano.$0(OLS)http://semarc/title/401044 850 $aSeMil 852 $aSeMil$W1$xVenegono$y1$m3X IV 100$j219119$B229559$CSeMilBibl$Z2$F229559 $81 961 $aBrambilla don Paolo - Omaggio 996 $6020$a978-88-16-30581-6$9(OLS)http://semarc/number/289326 996 $6245$aIl futuro dell'universo :$bcosmologia ed escatologia$9(OLS)http://semarc/title/427173 996 $6264$aMilano :$bJaca Book$9(OLS)http://semarc/publisher/29781 LEADER 01320nam a2200313 i 4500 001 000000114557 003 CaOOAMICUS 005 20030422000000.0 008 030422s1999 it u000 u ita u 013 $a87244 020 $a88-86617-33-X 040 $aSeMil$bita 100 1 $aDi Nicola, Giulia Paola,$d<1949- >.$0(OLS)http://semarc/name/7252 245 10$aNel grembo del Padre :$bgenitori e figli a sua immagine /$cGiulia Paola Di Nicola, Attilio Danese. 260 $aCantalupa (TO) :$bEffatą,$ccopyr. 1999. 300 $a140 p. ;$c21 cm. 490 0 $aRes humanae 500 $aFondo Card. C.M. Martini. 650 4$aDio - Paternitą.$0(OLS)http://semarc/subject/9910 650 4$aUomo e donna - Studi e interpretazioni.$0(OLS)http://semarc/subject/45950 700 1 $aDanese, Attilio.$0(OLS)http://semarc/name/7121 830 0$aRes humanae.$0(OLS)http://semarc/title/12066 850 $aSeMil 852 $aSeMil$W1$xVenegono$y1$m2Q II 37$j70115$B70115$CSeMilBibl$Z2$F104036 $81 941 1 $a4 961 $aOmaggio: Martini Card. Carlo Maria 996 $6020$a88-86617-33-X$9(OLS)http://semarc/number/97925 996 $6245$aNel grembo del Padre :$bgenitori e figli a sua immagine$9(OLS)http://semarc/title/167487 996 $6260$aCantalupa (TO) :$bEffatą$9(OLS)http://semarc/publisher/32483